English Cricketers - Sudden Death - Statistics

General Stats
  • This quiz has been taken 241 times
  • The average score is 11 of 13
Answers on the Grid
Answers color-coded by a green-red scale on the quiz's grid according to % correct below.
Joe Root
Ben Stokes
James Anderson
Stuart Broad
Virat Kohli
Finn Allen
Virendar Sehwag
Sunath Jayasuriya
Lasith Malinga
Ollie Pope
Shoaib Bashir
Shoaib Aktar
Shoaib Malik
Len Hutton
M.S Dhoni
Steve Smith
Pat Cummins
Jonny Bairstow
Josh Tongue
Moeen Ali
Alex Carey
Haseeb Hameed
Dawid Malan
Tristan Stubbs
Alex Hales
 
Answer Stats
Answer % Correct
Joe Root
100%
Ben Stokes
99%
James Anderson
99%
Stuart Broad
97%
Ollie Pope
95%
Jonny Bairstow
93%
Moeen Ali
92%
Josh Tongue
85%
Dawid Malan
84%
Alex Hales
81%
Shoaib Bashir
77%
Haseeb Hameed
72%
Len Hutton
71%
No matching quizzes found
Score Distribution
Percent of People with Each Score
Percentile by Number Answered
Your Score History
You have not taken this quiz